Digital Video and HDTV : Algorithms and Interfaces /
Contenido: Exploración de imagen; Cuantificación; Control de brillo y contraste; Exploración de imágenes por computadora; Estructura de la imagen; Exploración de trama; Resolución; Luminiscencia constante; Introducción a la luminiscencia y codificación de colores; Televisión de definición estándar;...
Gorde:
| Egile nagusia: | |
|---|---|
| Formatua: | Liburua |
| Hizkuntza: | ingelesa |
| Argitaratua: |
San Francisco, EUA :
Morgan Kaufmann,
2003, c2003
|
| Saila: | (The Morgan Kaufmann Series in Computer Graphics and Geometric Modeling)
|
| Gaiak: | |
| Etiketak: |
Etiketarik gabe, Izan zaitez lehena erregistro honi etiketa jartzen!
|
MARC
| LEADER | 00000nam^a2200000^a^4500 | ||
|---|---|---|---|
| 001 | 000153920 | ||
| 005 | 20250521000000.0 | ||
| 009 | 20260310100336.726 | ||
| 020 | |a 1-55860-792-7 | ||
| 037 | |a Acervo ITESO - Biblioteca | ||
| 041 | |a ING | ||
| 082 | |a 621. 38833 |b POY | ||
| 100 | |a Poynton, Charles |e (autor) | ||
| 245 | 1 | 0 | |a Digital Video and HDTV : |b Algorithms and Interfaces / |c C. Poynton ; pról. de Jim Blinn, Mark Schublin. |
| 264 | 4 | |a San Francisco, EUA : |b Morgan Kaufmann, |c 2003, c2003 | |
| 300 | |a XLII, 692 p. | ||
| 336 | |a texto |b txt |2 rdacontenido | ||
| 337 | |a sin mediación |b n |2 rdamedio | ||
| 338 | |a volumen |b nc |2 rdasoporte | ||
| 440 | 5 | |a (The Morgan Kaufmann Series in Computer Graphics and Geometric Modeling) | |
| 520 | |a Contenido: Exploración de imagen; Cuantificación; Control de brillo y contraste; Exploración de imágenes por computadora; Estructura de la imagen; Exploración de trama; Resolución; Luminiscencia constante; Introducción a la luminiscencia y codificación de colores; Televisión de definición estándar; Televisión de alta difinición; Introducción a la compresión de video; Interfases de video digital; Filtración y muestreo; Muestreo repetido, interpolación y decimación; Reconstrucción y digitalización de imagen; Percepción y agudeza visual; Luminiscencia y obscuridad; El sistema CIE de colorimetría; Ciencia del color para video; Gamma; Luminiscencia y diferencias de color; Procesamiento de señales de video; Videograbación; Estándares de transmisión de televisión digital. | ||
| 649 | |a XX | ||
| 650 | |a Video - |x Aspectos Tecnológicos | ||
| 650 | |a Televisión Digital | ||
| 650 | |a Televisión - |x Aspectos Tecnológicos | ||
| 650 | |a Medios Audiovisuales | ||
| 650 | |a Color | ||
| 650 | |a Multimedia | ||
| 650 | |a Compresión de Imágenes | ||
| 650 | |a Grabación y Reproducción de la Imagen | ||
| 650 | |a Manipulación de Imagen por Computadora | ||
| 650 | |a Imagen | ||
| 650 | |a Proceso Electrónico de Datos | ||
| 650 | |a Algoritmos | ||
| 650 | |a Análisis Numérico | ||
| 650 | |a Electrónica Digital | ||
| 650 | |a Electrónica - |x Matemáticas | ||
| 650 | |a Electrónica | ||
| 650 | |a Ingeniería Computacional | ||
| 650 | |a Ingeniería Electrónica | ||
| 910 | |a Fondo General | ||
| 920 | |a Impresos - Libros | ||
| 930 | |a Colección General | ||
| 905 | |a 101 | ||
| 901 | |a 0500082332 |b IT1 |c ACC |u 20250521 | ||
| 902 | |a https://opac.biblio.iteso.mx/vufind/Record/000153920 | ||